Statistieken voor Top 5 beste Olympische landen per continent

Klik hier om de quiz te nemen!

Algemene statistieken

  • Deze quiz is 196 keer genomen
  • De gemiddelde score is 24 van 30

Antwoordstatistieken

Continent#Land% Correct
Azië696China
99%
Europa888Frankrijk
96%
Europa1.982Rusland
96%
Noord-Amerika2.963Verenigde Staten
96%
Zuid-Amerika150Brazilië
95%
Europa1.791Duitsland
95%
Zuid-Amerika77Argentinië
93%
Oceanië562Australië
93%
Noord-Amerika525Canada
93%
Azië555Japan
93%
Noord-Amerika73Mexico
93%
Oceanië140Nieuw-Zeeland
93%
Europa948Verenigd Koninkrijk
92%
Europa742Italië
89%
Afrika89Zuid-Afrika
87%
Azië357Zuid-Korea
84%
Zuid-Amerika34Colombia
81%
Zuid-Amerika13Chili
80%
Afrika38Egypte
78%
Noord-Amerika241Cuba
75%
Zuid-Amerika19Venezuela
72%
Noord-Amerika87Jamaica
71%
Oceanië3Fiji
63%
Afrika113Kenia
62%
Afrika27Nigeria
58%
Afrika58Ethiopië
57%
Oceanië1Samoa
49%
Azië
104
Turkije
44%
Oceanië1Tonga
43%
Azië80Kazachstan
38%

Scoreverdeling

Percentiel versus Aantal Correcte Antwoorden

Procent van Mensen met Elke Score

Uw Scoregeschiedenis

U heeft deze quiz nog niet genomen